| 000 | 00000nam 2200000za 4500 |
| 001 | 9.603199 |
| 003 | CaOODSP |
| 005 | 20221107134153 |
| 007 | cr ||||||||||| |
| 008 | 150406s1999 onc|||||o f00| 0 fre d |
| 040 | |aCaOODSP|bfre |
| 043 | |an-cn--- |
| 086 | 1 |aM22-132/5-1999F-PDF |
| 110 | 1 |aCanada. |bRessources naturelles Canada. |
| 245 | 10|aTable sur l'électricité, rapport final |h[ressource électronique] : |brapport sur les options |
| 260 | |aOttawa : |bLa Table,|c1999. |
| 300 | |a213p.|bgraphiques, tableaux |
| 590 | |a12-10-Supp|b2012-03-23 |
| 710 | 2 |aSecrétariat national du changement climatique (Canada).|bTable sur l'électricité. |
| 775 | 08|tElectricity Industry Issues Table options paper |w(CaOODSP)9.572953 |
| 776 | 0#|tL'électricité / |w(CaOODSP)9.625312 |
| 856 | 40|ahttp://publications.gc.ca|qPDF|s746 Ko|uhttps://publications.gc.ca/collections/Collection/M22-132-5-1999F.pdf |